[Event "63rd Bulgarian Team Championship"]
[Site "Sunny Beach"]
[Date "2013.09.19"]
[Round "1"]
[Board "1"]
[White "Spasov, Vasil"]
[Black "Drenchev, Petar"]
[Result "1/2-1/2"]
[WhiteElo "2573"]
[BlackElo "2488"]
[PlyCount "60"]
[EventDate "2013.09.19"]
[EventType "team"]
[EventRounds "7"]
[EventCountry "BUL"]
[WhiteTeam "''Lokomotiv'', Plovdiv"]
[BlackTeam "''Marek-Union Ivkoni'', Dupnitsa"]

1. e4 e5 2. Nf3 Nc6 3. Bc4 Nf6 4. d3 Bc5 5. O-O O-O 6. Nbd2 d6 7. c3 a6 8. Bb3
Ba7 9. h3 Nh5 10. d4 Nf4 11. Nc4 Qf6 12. Re1 g5 13. Ne3 exd4 14. Nd5 Nxd5 15.
Bxg5 Qg7 16. exd5 Ne5 17. Nxe5 Qxg5 18. Nf3 Qg7 19. Nxd4 Bxh3 20. Qf3 Bg4 21.
Qf4 Rae8 22. Nf5 Bxf5 23. Qxf5 Re5 24. Rxe5 Qxe5 25. Qf3 Re8 26. Kf1 Qe4 27.
Qxe4 Rxe4 28. Re1 Rxe1+ 29. Kxe1 a5 30. a4 Kg7 1/2-1/2

[Event "63rd Bulgarian Team Championship"]
[Site "Sunny Beach"]
[Date "2013.09.19"]
[Round "1"]
[Board "2"]
[White "Inkiov, Ventzislav"]
[Black "Djukic, Nikola"]
[Result "0-1"]
[WhiteElo "2408"]
[BlackElo "2551"]
[PlyCount "76"]
[EventDate "2013.09.19"]
[EventType "team"]
[EventRounds "7"]
[EventCountry "BUL"]
[WhiteTeam "''Marek-Union Ivkoni'', Dupnitsa"]
[BlackTeam "''Lokomotiv'', Plovdiv"]

1. d4 Nf6 2. c4 g6 3. Nc3 Bg7 4. Nf3 d6 5. Bg5 O-O 6. e3 h6 7. Bh4 Bf5 8. Bd3
Bxd3 9. Qxd3 Nbd7 10. O-O g5 11. Bg3 Nh5 12. Rad1 e6 13. b4 a5 14. b5 f5 15. c5
Nxg3 16. fxg3 dxc5 17. Qc4 Qe7 18. dxc5 Nxc5 19. h4 g4 20. Nd4 Kh8 21. Nce2 Be5
22. Nf4 Bxf4 23. Rxf4 Rf6 24. Rc1 Ne4 25. Ne2 Rd8 26. Rxe4 fxe4 27. Qxe4 Qd6
28. Nf4 e5 29. Nh5 Rf7 30. Kh2 Qe6 31. Qxb7 c5 32. Qe4 Qf5 33. Qxf5 Rxf5 34.
Rxc5 Rf1 35. b6 Rdd1 36. Rc8+ Kh7 37. Rc7+ Kg6 38. Nf4+ Kf5 0-1

[Event "63rd Bulgarian Team Championship"]
[Site "Sunny Beach"]
[Date "2013.09.19"]
[Round "1"]
[Board "3"]
[White "Petkov, Vladimir"]
[Black "Milchev, Nikolay"]
[Result "0-1"]
[WhiteElo "2564"]
[BlackElo "2416"]
[PlyCount "108"]
[EventDate "2013.09.19"]
[EventType "team"]
[EventRounds "7"]
[EventCountry "BUL"]
[WhiteTeam "''Lokomotiv'', Plovdiv"]
[BlackTeam "''Marek-Union Ivkoni'', Dupnitsa"]

1. d4 Nf6 2. c4 c5 3. d5 b5 4. Nd2 bxc4 5. e4 Qa5 6. Qc2 Na6 7. Bxc4 Nb4 8. Qc3
Ba6 9. Ne2 Bxc4 10. Qxc4 Qa6 11. Qxa6 Nxa6 12. Nc3 d6 13. Nc4 g6 14. Ke2 Bg7
15. Bd2 Rb8 16. Rhc1 Nd7 17. Nd1 f5 18. exf5 gxf5 19. Bc3 O-O 20. f4 Nc7 21.
Bxg7 Kxg7 22. Nc3 Rb4 23. b3 Nb6 24. Nxb6 axb6 25. Kf3 Rd4 26. Rd1 Ra8 27. Rxd4
cxd4 28. Ne2 Nxd5 29. Nxd4 Kf6 30. g3 e5 31. Nb5 Ke6 32. a4 Rc8 33. Re1 e4+ 34.
Kg2 Rc2+ 35. Kh3 Rd2 36. Re2 Rd3 37. Kh4 Nc3 38. Nxc3 Rxc3 39. g4 d5 40. Kg5
fxg4 41. b4 Rc8 42. a5 Rg8+ 43. Kh4 bxa5 44. bxa5 Kf5 45. Rd2 e3 46. Rxd5+ Kxf4
47. Rd7 Kf3 48. Rf7+ Kg2 49. Re7 Kxh2 50. Rxe3 g3 51. a6 g2 52. Rh3+ Kg1 53.
Rf3 Rg7 54. Kh3 Kh1 0-1

[Event "63rd Bulgarian Team Championship"]
[Site "Sunny Beach"]
[Date "2013.09.19"]
[Round "1"]
[Board "4"]
[White "Nikolov, Sasho"]
[Black "Yanev, Tihomir"]
[Result "1-0"]
[WhiteElo "2382"]
[BlackElo "2424"]
[PlyCount "59"]
[EventDate "2013.09.19"]
[EventType "team"]
[EventRounds "7"]
[EventCountry "BUL"]
[WhiteTeam "''Marek-Union Ivkoni'', Dupnitsa"]
[BlackTeam "''Lokomotiv'', Plovdiv"]

1. e4 e5 2. Nf3 Nc6 3. Bc4 Nf6 4. d3 Bc5 5. O-O d6 6. c3 Bb6 7. a4 Bg4 8. Nbd2
a6 9. Ba2 O-O 10. Nc4 Ba7 11. Ne3 Bxe3 12. fxe3 Qe7 13. Bd2 Be6 14. Bb1 b5 15.
Be1 Nd7 16. d4 Na5 17. d5 Bg4 18. Qe2 Nb3 19. Ra3 bxa4 20. Rxa4 Ndc5 21. Ra3 f5
22. exf5 e4 23. Qc4 Bxf3 24. gxf3 Qg5+ 25. Kh1 Qxe3 26. fxe4 Rf6 27. Rxb3 Nxb3
28. Qxb3 Qe2 29. Kg1 Rh6 30. Bg3 1-0

[Event "63rd Bulgarian Team Championship"]
[Site "Sunny Beach"]
[Date "2013.09.19"]
[Round "1"]
[Board "5"]
[White "Popchev, Milko"]
[Black "Mladenov, Plamen"]
[Result "0-1"]
[WhiteElo "2426"]
[BlackElo "2390"]
[PlyCount "88"]
[EventDate "2013.09.19"]
[EventType "team"]
[EventRounds "7"]
[EventCountry "BUL"]
[WhiteTeam "''Lokomotiv'', Plovdiv"]
[BlackTeam "''Marek-Union Ivkoni'', Dupnitsa"]

1. b3 e5 2. Bb2 Nc6 3. c4 Nf6 4. e3 d5 5. cxd5 Nxd5 6. a3 g6 7. Nf3 Bg7 8. d3
O-O 9. Nbd2 Re8 10. Qc2 a5 11. Be2 g5 12. g3 h6 13. Nc4 Bh3 14. e4 Nb6 15. Ne3
Nd4 16. Qd1 Qd7 17. Rg1 Be6 18. Nd2 Rad8 19. Bxd4 exd4 20. Nec4 Nxc4 21. bxc4
f5 22. Bf3 Re7 23. g4 fxe4 24. Bxe4 Be5 25. h3 Bf4 26. Rb1 c6 27. Kf1 Bxd2 28.
Qxd2 Bxc4 29. f3 Bd5 30. Qxa5 Bxe4 31. fxe4 b5 32. Ke2 Rf8 33. Rgf1 Ref7 34.
Rf5 Qd6 35. Qe1 Qxa3 36. h4 Qa2+ 37. Kf3 gxh4 38. Rc1 Qh2 39. Qf2 Qh3+ 40. Kf4
Rg7 41. Rxc6 Qxg4+ 42. Ke5 Qg3+ 43. Qf4 Rxf5+ 44. exf5 Re7+ 0-1

[Event "63rd Bulgarian Team Championship"]
[Site "Sunny Beach"]
[Date "2013.09.19"]
[Round "1"]
[Board "6"]
[White "Gochev, Mladen"]
[Black "Lalev, Dimitar"]
[Result "1/2-1/2"]
[WhiteElo "2258"]
[BlackElo "2376"]
[PlyCount "61"]
[EventDate "2013.09.19"]
[EventType "team"]
[EventRounds "7"]
[EventCountry "BUL"]
[WhiteTeam "''Marek-Union Ivkoni'', Dupnitsa"]
[BlackTeam "''Lokomotiv'', Plovdiv"]

1. d4 Nf6 2. Nf3 g6 3. Nbd2 d5 4. e3 Bg7 5. b4 O-O 6. Bb2 b6 7. Be2 Ba6 8. b5
Bb7 9. O-O Nbd7 10. c4 dxc4 11. Nxc4 c5 12. Qb3 Qc7 13. Rac1 Rac8 14. Nfe5 Nxe5
15. dxe5 Nd7 16. f4 Rfd8 17. Rfd1 Nf8 18. a4 Rxd1+ 19. Rxd1 Rd8 20. Bf3 Bxf3
21. gxf3 Rxd1+ 22. Qxd1 Qd7 23. Qxd7 Nxd7 24. Kf2 Bf8 25. Ke2 e6 26. Kd3 Be7
27. a5 Kf8 28. axb6 axb6 29. Bc3 Ke8 30. Bb2 Kd8 31. Bc3 1/2-1/2

[Event "63rd Bulgarian Team Championship"]
[Site "Sunny Beach"]
[Date "2013.09.19"]
[Round "1"]
[Board "1"]
[White "Shishkov, Minko"]
[Black "Rusev, Krasimir"]
[Result "0-1"]
[WhiteElo "2278"]
[BlackElo "2561"]
[PlyCount "113"]
[EventDate "2013.09.19"]
[EventType "team"]
[EventRounds "7"]
[EventCountry "BUL"]
[WhiteTeam "''Maritsa-Iztok'', Radnevo"]
[BlackTeam "''Abritus'', Razgrad"]

1. c4 e6 2. g3 d5 3. Bg2 dxc4 4. Qa4+ Nd7 5. Qxc4 a6 6. Qc2 c5 7. Nf3 Ngf6 8.
O-O b5 9. a4 Bb7 10. axb5 axb5 11. Rxa8 Qxa8 12. Na3 Bc6 13. d3 Be7 14. Bg5 O-O
15. Nh4 Bxg2 16. Nxg2 Rb8 17. Rc1 h6 18. Bd2 Ne5 19. Bf4 Nfd7 20. Qd1 Rb6 21.
Ra1 Ra6 22. Bxe5 Nxe5 23. Rc1 Qb7 24. Ne1 Ra8 25. Qb3 Rb8 26. Nb1 h5 27. h4 Qd7
28. Qc3 Nc6 29. Nf3 Qd5 30. Nbd2 Ra8 31. Qb3 Nb4 32. Qd1 Bf6 33. Ne4 Bxb2 34.
Rxc5 Ra1 35. Qxa1 Bxa1 36. Rxd5 Nxd5 37. Nc5 Bc3 38. Kf1 Kf8 39. e4 Nf6 40. Ke2
Ke7 41. Nb3 e5 42. Ng5 Nd7 43. f4 f6 44. Nf3 Kd6 45. d4 g6 46. Kd3 exd4 47.
Nfxd4 Be1 48. Nxb5+ Ke7 49. Ke2 Bxg3 50. Kf3 Bxh4 51. Nc3 Nb6 52. Ne2 Nc4 53.
Nbc1 g5 54. Nd4 Be1 55. Nd3 Bc3 56. Nf5+ Kf7 57. Kf2 0-1

[Event "63rd Bulgarian Team Championship"]
[Site "Sunny Beach"]
[Date "2013.09.19"]
[Round "1"]
[Board "2"]
[White "Georgiev, Vladimir"]
[Black "Marholev, Dimitar"]
[Result "1/2-1/2"]
[WhiteElo "2549"]
[BlackElo "2325"]
[PlyCount "73"]
[EventDate "2013.09.19"]
[EventType "team"]
[EventRounds "7"]
[EventCountry "BUL"]
[WhiteTeam "''Abritus'', Razgrad"]
[BlackTeam "''Maritsa-Iztok'', Radnevo"]

1. d4 g6 2. e4 Bg7 3. Nf3 d6 4. Bc4 e6 5. Bb3 Ne7 6. c3 b6 7. O-O Bb7 8. Re1
O-O 9. Nbd2 c5 10. Nf1 Nbc6 11. Bg5 h6 12. Bf4 cxd4 13. cxd4 e5 14. dxe5 dxe5
15. Bg3 Rc8 16. Qe2 Nd4 17. Nxd4 exd4 18. Rad1 Kh7 19. Bh4 Qd7 20. f3 Nc6 21.
Ne3 Na5 22. Ng4 Nxb3 23. axb3 Qe6 24. e5 Qxb3 25. Rxd4 Rc2 26. Rd2 Rfc8 27.
Nf6+ Kh8 28. Red1 Rxd2 29. Qxd2 Bf8 30. Bf2 Qc2 31. h4 Qxd2 32. Rxd2 Bc6 33.
Be3 Kg7 34. h5 Be7 35. Nd5 Bxd5 36. Rxd5 Rd8 37. Rxd8 1/2-1/2

[Event "63rd Bulgarian Team Championship"]
[Site "Sunny Beach"]
[Date "2013.09.19"]
[Round "1"]
[Board "3"]
[White "Kukov, Velislav"]
[Black "Chatalbashev, Boris"]
[Result "0-1"]
[WhiteElo "2410"]
[BlackElo "2537"]
[PlyCount "74"]
[EventDate "2013.09.19"]
[EventType "team"]
[EventRounds "7"]
[EventCountry "BUL"]
[WhiteTeam "''Maritsa-Iztok'', Radnevo"]
[BlackTeam "''Abritus'', Razgrad"]

1. Nf3 g6 2. g3 Bg7 3. Bg2 e5 4. d3 d6 5. O-O f5 6. c4 Nf6 7. Nc3 O-O 8. Rb1 a5
9. a3 h6 10. b4 g5 11. Ne1 axb4 12. axb4 Nc6 13. e3 Ne7 14. Nd5 Nfxd5 15. cxd5
f4 16. Nc2 Bd7 17. d4 Ba4 18. dxe5 dxe5 19. exf4 gxf4 20. Be4 Nf5 21. gxf4 Nd6
22. Bd3 e4 23. Be2 Nb5 24. Bb2 Bxb2 25. Rxb2 Na3 26. Kh1 Qf6 27. Qc1 Nxc2 28.
Rxc2 Bxc2 29. Qxc2 Qxf4 30. Rg1+ Kh8 31. Qc3+ Qf6 32. Qxc7 Ra1 33. Rxa1 Qxa1+
34. Kg2 Qf6 35. Qc5 Re8 36. Kh3 Qf5+ 37. Kh4 Qg5+ 0-1

[Event "63rd Bulgarian Team Championship"]
[Site "Sunny Beach"]
[Date "2013.09.19"]
[Round "1"]
[Board "4"]
[White "Nikolov, Momchil"]
[Black "Panbukchian, Valentin"]
[Result "1-0"]
[WhiteElo "2539"]
[BlackElo "2330"]
[PlyCount "89"]
[EventDate "2013.09.19"]
[EventType "team"]
[EventRounds "7"]
[EventCountry "BUL"]
[WhiteTeam "''Abritus'', Razgrad"]
[BlackTeam "''Maritsa-Iztok'', Radnevo"]

1. d4 f5 2. g3 g6 3. Bg2 Bg7 4. Nf3 d6 5. c4 a5 6. b3 Nc6 7. Bb2 Nh6 8. Nc3 O-O
9. d5 Nb4 10. Qd2 Bd7 11. O-O c6 12. Rad1 Qc7 13. Nd4 Ng4 14. a3 Na6 15. e4
fxe4 16. Nxe4 Qb6 17. Ng5 Nc7 18. h3 Nf6 19. Qd3 Nh5 20. Rd2 Bf6 21. Ne4 Bh8
22. dxc6 bxc6 23. c5 Qa6 24. cxd6 exd6 25. Qc2 Ne8 26. Nxd6 Nxd6 27. Nxc6 Bxb2
28. Rxd6 Bxc6 29. Qxb2 Rad8 30. Rxc6 Qa7 31. Rfc1 Rf7 32. Rc8 Rfd7 33. Rxd8+
Rxd8 34. Qe5 Qd4 35. Qxd4 Rxd4 36. Rc5 a4 37. b4 Rd3 38. b5 Nf6 39. b6 Kf7 40.
b7 Rb3 41. Rc4 Rb1+ 42. Kh2 Ke7 43. Rxa4 Nd7 44. Ra8 Kd6 45. a4 1-0

[Event "63rd Bulgarian Team Championship"]
[Site "Sunny Beach"]
[Date "2013.09.19"]
[Round "1"]
[Board "5"]
[White "Pantev, Veselin"]
[Black "Bojkov, Dejan"]
[Result "1/2-1/2"]
[WhiteElo "2408"]
[BlackElo "2505"]
[PlyCount "73"]
[EventDate "2013.09.19"]
[EventType "team"]
[EventRounds "7"]
[EventCountry "BUL"]
[WhiteTeam "''Maritsa-Iztok'', Radnevo"]
[BlackTeam "''Abritus'', Razgrad"]

1. d4 Nf6 2. Nf3 g6 3. Bf4 Bg7 4. e3 O-O 5. Be2 d6 6. c4 Nc6 7. Nc3 Nd7 8. h3
e5 9. Bh2 f5 10. O-O e4 11. Nd2 Nf6 12. Rb1 Ne7 13. b4 Be6 14. a4 g5 15. a5 Ng6
16. b5 Qd7 17. b6 axb6 18. axb6 c6 19. d5 Bf7 20. dxc6 Qxc6 21. Qb3 Nd7 22.
Rfc1 Nge5 23. Nd5 Rae8 24. Nc7 Rc8 25. Qa3 Nc5 26. Bxe5 Bxe5 27. Nd5 Qd7 28.
Nb3 h5 29. Nxc5 Rxc5 30. Rd1 Kg7 31. Nc7 Qe7 32. Rb5 g4 33. Rxc5 dxc5 34. Nd5
Qg5 35. Nf4 gxh3 36. Nxh3 Qe7 37. Qa4 1/2-1/2

[Event "63rd Bulgarian Team Championship"]
[Site "Sunny Beach"]
[Date "2013.09.19"]
[Round "1"]
[Board "6"]
[White "Enchev, Ivajlo"]
[Black "Badev, Kiril"]
[Result "1-0"]
[WhiteElo "2445"]
[BlackElo "2343"]
[PlyCount "39"]
[EventDate "2013.09.19"]
[EventType "team"]
[EventRounds "7"]
[EventCountry "BUL"]
[WhiteTeam "''Abritus'', Razgrad"]
[BlackTeam "''Maritsa-Iztok'', Radnevo"]

1. d4 e6 2. c4 Nf6 3. Nc3 Bb4 4. e3 O-O 5. Nge2 b6 6. a3 Be7 7. d5 Ba6 8. Nf4
Kh8 9. Bd3 Rg8 10. h4 e5 11. Nh5 Ne8 12. Ng3 h6 13. Nf5 Bf8 14. h5 Qg5 15. Qf3
Nd6 16. Nxd6 cxd6 17. Qxf7 Qxg2 18. Rf1 Qg5 19. Ne4 Qg4 20. Nf6 1-0

[Event "63rd Bulgarian Team Championship"]
[Site "Sunny Beach"]
[Date "2013.09.19"]
[Round "1"]
[Board "1"]
[White "Delchev, Aleksander"]
[Black "Tonkov, Bojan"]
[Result "1-0"]
[WhiteElo "2637"]
[BlackElo "2323"]
[PlyCount "85"]
[EventDate "2013.09.19"]
[EventType "team"]
[EventRounds "7"]
[EventCountry "BUL"]
[WhiteTeam "''Nayden Voynov'', Vidin"]
[BlackTeam "''Energiya 21'', Dobrich"]

1. e4 e5 2. Nf3 Nc6 3. Bc4 Bc5 4. c3 Nf6 5. d3 O-O 6. O-O d6 7. Bb3 Qe7 8. Re1
Bb6 9. h3 Nd8 10. d4 c6 11. Nbd2 Kh8 12. a4 Bc7 13. Bc2 g6 14. b3 Ne6 15. Nc4
Rd8 16. d5 Nf4 17. Bxf4 exf4 18. a5 Nd7 19. b4 Ne5 20. Bb3 a6 21. Ra2 Nxf3+ 22.
Qxf3 cxd5 23. Nb6 Bxb6 24. axb6 Qe5 25. Bxd5 Be6 26. Ra5 Bxd5 27. Rxd5 Qe6 28.
Qxf4 Rac8 29. Qd2 f6 30. Qd4 Kg7 31. Rd1 Rc6 32. c4 Kf7 33. c5 Ke7 34. Qe3 Kf7
35. f4 Re8 36. Rxd6 Rxd6 37. Rxd6 Qc4 38. Rd4 Qe6 39. Qd3 Kg7 40. Rd7+ Re7 41.
Rxe7+ Qxe7 42. Qd5 Kh6 43. Kh2 1-0

[Event "63rd Bulgarian Team Championship"]
[Site "Sunny Beach"]
[Date "2013.09.19"]
[Round "1"]
[Board "2"]
[White "Velikov, Petar"]
[Black "Nabaty, Tamir"]
[Result "0-1"]
[WhiteElo "2416"]
[BlackElo "2575"]
[PlyCount "51"]
[EventDate "2013.09.19"]
[EventType "team"]
[EventRounds "7"]
[EventCountry "BUL"]
[WhiteTeam "''Energiya 21'', Dobrich"]
[BlackTeam "''Nayden Voynov'', Vidin"]

1. c4 e5 2. Nc3 Bb4 3. Qc2 Ne7 4. Nf3 Nbc6 5. a3 Bxc3 6. Qxc3 e4 7. Ng5 O-O 8.
Nxe4 d5 9. Ng3 dxc4 10. e3 b5 11. d3 Nd5 12. Qc2 Ne5 13. dxc4 bxc4 14. Bxc4
Nxc4 15. Qxc4 a5 16. e4 Nb6 17. Qc3 Ba6 18. f3 f5 19. Be3 f4 20. Bxb6 cxb6 21.
Ne2 Rc8 22. Qb3+ Bc4 23. Qd1 Qh4+ 24. Kf1 Rfd8 25. Qe1 Qxe1+ 26. Rxe1 0-1

[Event "63rd Bulgarian Team Championship"]
[Site "Sunny Beach"]
[Date "2013.09.19"]
[Round "1"]
[Board "3"]
[White "Petrov, Marijan"]
[Black "Manolov, Ivan"]
[Result "1/2-1/2"]
[WhiteElo "2472"]
[BlackElo "2197"]
[PlyCount "97"]
[EventDate "2013.09.19"]
[EventType "team"]
[EventRounds "7"]
[EventCountry "BUL"]
[WhiteTeam "''Nayden Voynov'', Vidin"]
[BlackTeam "''Energiya 21'', Dobrich"]

1. e4 c5 2. Nf3 e6 3. d4 cxd4 4. Nxd4 Nf6 5. Nc3 Nc6 6. Nxc6 bxc6 7. e5 Nd5 8.
Ne4 f5 9. exf6 Nxf6 10. Nd6+ Bxd6 11. Qxd6 Qb6 12. Bd3 c5 13. Qg3 O-O 14. O-O
Bb7 15. c4 Be4 16. Bxe4 Nxe4 17. Qd3 Qc6 18. f3 Nf6 19. Bg5 d5 20. cxd5 exd5
21. Rfd1 Rad8 22. Rac1 c4 23. Qd4 Qb6 24. b3 Qxd4+ 25. Rxd4 cxb3 26. axb3 h6
27. Bd2 Rb8 28. Rd3 Rfc8 29. Ra1 Rb7 30. Ra6 Kf7 31. g4 Rcb8 32. b4 Re8 33. h4
Re2 34. g5 hxg5 35. hxg5 Nd7 36. g6+ Ke8 37. Rxd5 Nb6 38. Rd4 Re6 39. Re4 Rxe4
40. fxe4 Re7 41. Kf2 Rxe4 42. Rxa7 Re7 43. Ra6 Nd5 44. Ra8+ Kd7 45. b5 Ke6 46.
Ra6+ Kf5 47. Rd6 Ke5 48. Rc6 Rb7 49. b6 1/2-1/2

[Event "63rd Bulgarian Team Championship"]
[Site "Sunny Beach"]
[Date "2013.09.19"]
[Round "1"]
[Board "4"]
[White "Dobrev, Nayden"]
[Black "Simeonov, Stefan"]
[Result "1/2-1/2"]
[WhiteElo "2311"]
[BlackElo "2387"]
[PlyCount "92"]
[EventDate "2013.09.19"]
[EventType "team"]
[EventRounds "7"]
[EventCountry "BUL"]
[WhiteTeam "''Energiya 21'', Dobrich"]
[BlackTeam "''Nayden Voynov'', Vidin"]

1. d4 d5 2. Nf3 Nf6 3. c4 Bf5 4. Nc3 e6 5. a3 c6 6. e3 Nbd7 7. Be2 h6 8. O-O
Bd6 9. b4 Rc8 10. c5 Bb8 11. b5 Ne4 12. Bd2 Nxd2 13. Qxd2 cxb5 14. Bxb5 O-O 15.
Qb2 Qc7 16. g3 Nf6 17. Rfc1 Qe7 18. Ba4 Rfd8 19. Bc2 Bg4 20. Nd2 e5 21. Bd3 a6
22. Rab1 Rc7 23. Nb3 Ba7 24. Na5 Bc8 25. Na4 e4 26. Bf1 Nh7 27. Nb6 Bxb6 28.
cxb6 Rxc1 29. Rxc1 Ng5 30. Rc7 Qf6 31. Nxb7 Nh3+ 32. Bxh3 Bxh3 33. f4 Rb8 34.
Qb4 Qg6 35. Re7 Qg4 36. Kf2 Qf3+ 37. Ke1 Bg4 38. Kd2 Qd1+ 39. Kc3 Qc1+ 40. Kb3
Bd1+ 41. Ka2 Be2 42. Na5 Qc2+ 43. Qb2 Bc4+ 44. Nxc4 Qxc4+ 45. Ka1 Qf1+ 46. Ka2
Qc4+ 1/2-1/2

[Event "63rd Bulgarian Team Championship"]
[Site "Sunny Beach"]
[Date "2013.09.19"]
[Round "1"]
[Board "5"]
[White "Velchev, Hristo"]
[Black "Georgiev, Biser"]
[Result "1/2-1/2"]
[WhiteElo "2309"]
[BlackElo "2256"]
[PlyCount "62"]
[EventDate "2013.09.19"]
[EventType "team"]
[EventRounds "7"]
[EventCountry "BUL"]
[WhiteTeam "''Nayden Voynov'', Vidin"]
[BlackTeam "''Energiya 21'', Dobrich"]

1. e4 e5 2. Nf3 Nf6 3. Nxe5 d6 4. Nf3 Nxe4 5. c4 Be7 6. d4 O-O 7. Bd3 Nf6 8. h3
d5 9. O-O c6 10. Nc3 Nbd7 11. cxd5 Nxd5 12. Nxd5 cxd5 13. Qb3 Nf6 14. Re1 b6
15. Bf4 Bb7 16. Rac1 Bd6 17. Be5 Ne4 18. Rc2 Kh8 19. Rec1 f6 20. Bxd6 Nxd6 21.
Qa4 Rf7 22. Ba6 g6 23. Bxb7 Nxb7 24. Qc6 Kg7 25. b3 Qd7 26. Qxd7 Rxd7 27. Rc7
Rad8 28. R1c6 Na5 29. Rc2 Nb7 30. R2c6 Na5 31. Rc2 Nb7 1/2-1/2

[Event "63rd Bulgarian Team Championship"]
[Site "Sunny Beach"]
[Date "2013.09.19"]
[Round "1"]
[Board "1"]
[White "Ninov, Nikolai"]
[Black "Grigorov, Grigor"]
[Result "1/2-1/2"]
[WhiteElo "2463"]
[BlackElo "2490"]
[PlyCount "63"]
[EventDate "2013.09.19"]
[EventType "team"]
[EventRounds "7"]
[EventCountry "BUL"]
[WhiteTeam "''Lokomotiv'', Sofia"]
[BlackTeam "''Lokomotiv 2000'', Plovdiv"]

1. e4 e5 2. Nf3 Nc6 3. Nc3 Nf6 4. Bb5 Nd4 5. Nxd4 exd4 6. e5 dxc3 7. exf6 Qxf6
8. dxc3 Qe5+ 9. Qe2 Qxe2+ 10. Bxe2 Bc5 11. Bf4 d6 12. O-O O-O 13. Rfe1 Be6 14.
Bf3 Rab8 15. Be3 Bxe3 16. Rxe3 c6 17. b3 Rfe8 18. Rae1 Bd7 19. Kf1 Kf8 20.
Rxe8+ Rxe8 21. Rxe8+ Kxe8 22. Ke2 Ke7 23. h4 h6 24. c4 g5 25. hxg5 hxg5 26. Ke3
b6 27. g3 c5 28. Be2 Be6 29. f4 gxf4+ 30. Kxf4 Bd7 31. Bd3 Bc6 32. g4 1/2-1/2

[Event "63rd Bulgarian Team Championship"]
[Site "Sunny Beach"]
[Date "2013.09.19"]
[Round "1"]
[Board "2"]
[White "Janev, Evgeni"]
[Black "Genov, Petar"]
[Result "1/2-1/2"]
[WhiteElo "2459"]
[BlackElo "2455"]
[PlyCount "64"]
[EventDate "2013.09.19"]
[EventType "team"]
[EventRounds "7"]
[EventCountry "BUL"]
[WhiteTeam "''Lokomotiv 2000'', Plovdiv"]
[BlackTeam "''Lokomotiv'', Sofia"]

1. e4 c5 2. c3 d5 3. exd5 Qxd5 4. Nf3 Nf6 5. Na3 e6 6. Qb3 Nc6 7. Be2 Be7 8. d4
O-O 9. dxc5 Bxc5 10. O-O b6 11. Bg5 Qf5 12. Rad1 Bb7 13. Nc4 Rad8 14. Be3 Bxe3
15. Nxe3 Qc5 16. Qa4 h6 17. h3 Qe7 18. Bb5 Qc7 19. Qc4 Qc8 20. Qf4 Rxd1 21.
Rxd1 Rd8 22. Rxd8+ Qxd8 23. Qa4 Qa8 24. Nd2 Ne7 25. Qd4 Ned5 26. Nxd5 Bxd5 27.
f3 Qb8 28. c4 Bb7 29. Nf1 e5 30. Qd2 Qc7 31. Ne3 e4 32. fxe4 Nxe4 1/2-1/2

[Event "63rd Bulgarian Team Championship"]
[Site "Sunny Beach"]
[Date "2013.09.19"]
[Round "1"]
[Board "3"]
[White "Georgiev, Krum"]
[Black "Arnaudov, G. Petar"]
[Result "1/2-1/2"]
[WhiteElo "2448"]
[BlackElo "2487"]
[PlyCount "61"]
[EventDate "2013.09.19"]
[EventType "team"]
[EventRounds "7"]
[EventCountry "BUL"]
[WhiteTeam "''Lokomotiv'', Sofia"]
[BlackTeam "''Lokomotiv 2000'', Plovdiv"]

1. e4 e5 2. Nf3 Nc6 3. Bb5 a6 4. Ba4 Nf6 5. O-O Be7 6. Re1 b5 7. Bb3 d6 8. c3
O-O 9. h3 Bb7 10. d4 Nd7 11. a4 Na5 12. Bc2 c5 13. d5 c4 14. Na3 Qb6 15. Be3
Nc5 16. Nd2 Bc8 17. Qe2 Bd7 18. b4 cxb3 19. Bxb3 Qc7 20. Bc2 bxa4 21. Rab1 Nab3
22. Bxb3 axb3 23. Nxb3 Nxb3 24. Rxb3 Rfb8 25. Reb1 Rxb3 26. Rxb3 g6 27. Kh2 Kg7
28. g3 h5 29. h4 Ba4 30. Rb4 Bd7 31. Rb3 1/2-1/2

[Event "63rd Bulgarian Team Championship"]
[Site "Sunny Beach"]
[Date "2013.09.19"]
[Round "1"]
[Board "4"]
[White "Kozhuharov, Spas"]
[Black "Ivanov, Jordan"]
[Result "1/2-1/2"]
[WhiteElo "2453"]
[BlackElo "2385"]
[PlyCount "68"]
[EventDate "2013.09.19"]
[EventType "team"]
[EventRounds "7"]
[EventCountry "BUL"]
[WhiteTeam "''Lokomotiv 2000'', Plovdiv"]
[BlackTeam "''Lokomotiv'', Sofia"]

1. d4 d5 2. c4 dxc4 3. Nf3 Nf6 4. e3 b5 5. a4 b4 6. Bxc4 e6 7. O-O Be7 8. Qe2
Bb7 9. b3 O-O 10. Bb2 c5 11. Rd1 Nbd7 12. Nbd2 cxd4 13. Nxd4 Nc5 14. N2f3 Qa5
15. Ne5 Rac8 16. Bb5 Bd5 17. Nec6 Qc7 18. Nxb4 Bxb3 19. Rdc1 Bd5 20. Nxd5 Nxd5
21. Nb3 Qb8 22. Nxc5 Rxc5 23. Rxc5 Bxc5 24. Qg4 g6 25. e4 a6 26. exd5 axb5 27.
Qg5 f6 28. Bxf6 bxa4 29. dxe6 Bxf2+ 30. Kh1 Be3 31. Qh4 Qf4 32. Qxf4 Bxf4 33.
e7 Re8 34. Rxa4 Bd6 1/2-1/2

[Event "63rd Bulgarian Team Championship"]
[Site "Sunny Beach"]
[Date "2013.09.19"]
[Round "1"]
[Board "5"]
[White "Serafimov, Tervel"]
[Black "Bratanov, Zsivko"]
[Result "1/2-1/2"]
[WhiteElo "2433"]
[BlackElo "2435"]
[PlyCount "61"]
[EventDate "2013.09.19"]
[EventType "team"]
[EventRounds "7"]
[EventCountry "BUL"]
[WhiteTeam "''Lokomotiv'', Sofia"]
[BlackTeam "''Lokomotiv 2000'', Plovdiv"]

1. g3 g6 2. Bg2 Bg7 3. c4 c5 4. Nf3 Nc6 5. O-O b6 6. e3 Nf6 7. Nc3 Bb7 8. d4
O-O 9. b3 cxd4 10. Nxd4 Qc7 11. Bb2 Nxd4 12. Bxb7 Qxb7 13. Qxd4 d6 14. Qd2 Rac8
15. Rad1 Rc5 16. Qe2 a6 17. a4 Rfc8 18. Rd2 Ne4 19. Nxe4 Qxe4 20. Bd4 R5c6 21.
Bxg7 Kxg7 22. Rd4 Qe6 23. Qf3 R8c7 24. Re4 Qf6 25. Rf4 Qe6 26. Re4 Qd7 27. Rd1
Rc5 28. Red4 Rf5 29. Rf4 Rcc5 30. Rxf5 Rxf5 31. Qa8 1/2-1/2

[Event "63rd Bulgarian Team Championship"]
[Site "Sunny Beach"]
[Date "2013.09.19"]
[Round "1"]
[Board "6"]
[White "Spassov, Liuben"]
[Black "Todorov, Ognjan"]
[Result "1/2-1/2"]
[WhiteElo "2327"]
[BlackElo "2252"]
[PlyCount "64"]
[EventDate "2013.09.19"]
[EventType "team"]
[EventRounds "7"]
[EventCountry "BUL"]
[WhiteTeam "''Lokomotiv 2000'', Plovdiv"]
[BlackTeam "''Lokomotiv'', Sofia"]

1. d4 Nf6 2. c4 e6 3. Nf3 d5 4. g3 Bb4+ 5. Bd2 Bxd2+ 6. Qxd2 O-O 7. Bg2 Qe7 8.
O-O dxc4 9. Na3 Rd8 10. Qc2 c5 11. dxc5 Na6 12. Nxc4 Nxc5 13. Rfd1 Bd7 14. Nfe5
Be8 15. Rxd8 Rxd8 16. Rd1 Nd5 17. Qd2 f6 18. e4 fxe5 19. exd5 exd5 20. Bxd5+
Kh8 21. Qe2 e4 22. Ne3 Bg6 23. h4 h6 24. Qg4 Qf6 25. h5 Bh7 26. Rd2 Rf8 27. Bc4
Nd3 28. Qe6 Qg5 29. Qd6 Rd8 30. Qc7 Rf8 31. Qd6 Rd8 32. Qc7 Rf8 1/2-1/2